00593 a2200169 4500010001400000020001100014035001300025037001800038082000800056100002200064245007900086260004300165270015200208300002400360700001700384700002200401 aENG-85175 c125.00 aEN-68708 bD.B.Act / Pub14a3321 aAppannaiah, H. R.1 aFinancial servicescby H. R. Appannaiah, P. N. Reddy and N. Mukund Sharma aDelhibHimalaya Publishing Housec2007 aPooja Apartment, 4-B, Murari Lal Street, Ansari Road, Darya GanjbNew Delhie110 002k011-23270392,l011-23243030, 011-23256286mhimpub@vsnl.net.in a189p.b24 cm (Pbk.) aReddy, P. N. aSharma, N. Mukund